তফসীরে মা'আরেফুল-কোরআন / (Record no. 38240)
[ view plain ]
| 000 -LEADER | |
|---|---|
| fixed length control field | 01393nam a2200289 a 4500 |
| 001 - CONTROL NUMBER | |
| control field | 38240 |
| 003 - CONTROL NUMBER IDENTIFIER | |
| rucl marc code | BD-RjUL |
| 005 - DATE AND TIME OF LATEST TRANSACTION | |
| control field | 20211209052745.0 |
| 008 - FIXED-LENGTH DATA ELEMENTS--GENERAL INFORMATION | |
| fixed length control field | 151013s1992 bg ||||| |||| 00| 0 ben d |
| 020 ## - INTERNATIONAL STANDARD BOOK NUMBER | |
| International Standard Book Number | 9840601199 (V-1) |
| Terms of availability | : Tk. 296.00 (V-1) |
| 035 ## - SYSTEM CONTROL NUMBER | |
| System control number | (BD-RjUL)38345 |
| 040 ## - CATALOGING SOURCE | |
| Original cataloging agency | BD-RjUL |
| Language of cataloging | ben/eng |
| Transcribing agency | BD-RjUL |
| 041 ## - LANGUAGE CODE | |
| Language code of text/sound track or separate title | ben/ara |
| 082 ## - DEWEY DECIMAL CLASSIFICATION NUMBER | |
| Classification number | 297.1227 |
| Author mark and year | SHT 1992 |
| 100 1# - MAIN ENTRY--PERSONAL NAME | |
| Personal name | শফী, মুফতী মুহাম্মদ |
| 9 (RLIN) | 118235 |
| 245 10 - TITLE STATEMENT | |
| Title | তফসীরে মা'আরেফুল-কোরআন / |
| Statement of responsibility, etc. | মূল: মুফতী মুহাম্মদ শফী ; অনুবাদ: মুহিউদ্দিন খান |
| 250 ## - EDITION STATEMENT | |
| Edition statement | ৬ষ্ঠ সং. |
| 260 ## - PUBLICATION, DISTRIBUTION, ETC. (IMPRINT) | |
| Place of publication, distribution, etc. | ঢাকা : |
| Name of publisher, distributor, etc. | ইসলামিক ফাউণ্ডেশন বাংলাদেশ, |
| Date of publication, distribution, etc. | ১৯৯২. |
| 300 ## - PHYSICAL DESCRIPTION | |
| Pagination | খণ্ড ; |
| Size | ২৪ সেমি. |
| 490 ## - SERIES STATEMENT | |
| Series statement | ইফাবা প্রকাশনা ; |
| Volume/sequential designation | ৬৮৫/৫ (V-1) |
| 505 0# - FORMATTED CONTENTS NOTE | |
| Formatted contents note | খণ্ড ১, [ সূরা ফাতিহা থেকে সূরা বাক্বারাহ পর্যন্ত ] -- |
| 650 ## - SUBJECT ADDED ENTRY--TOPICAL TERM | |
| Topical term or geographic name as entry element | কোরআন |
| General subdivision | ব্যাখা |
| 9 (RLIN) | 235831 |
| Topical term or geographic name as entry element | Qur'an |
| General subdivision | Commentaries |
| 9 (RLIN) | 235832 |
| 700 ## - ADDED ENTRY--PERSONAL NAME | |
| Personal name | খান, মুহিউদ্দিন, অনুবাদক |
| 830 ## - SERIES ADDED ENTRY--UNIFORM TITLE | |
| Uniform title | ইফাবা প্রকাশনা ; |
| Volume number/sequential designation | ৬৮৫/৫ (V-1) |
| 942 ## - ADDED ENTRY ELEMENTS (KOHA) | |
| Source of classification or shelving scheme | Dewey Decimal Classification |
| Koha item type | Books |
| Lost status | Source of classification or shelving scheme | Damaged status | Not for loan | Collection code | Permanent Location | Current Location | Shelving location | Date acquired | Source of acquisition | Cost, normal purchase price | Total Checkouts | Full call number | Date last seen | Copy number | Koha item type |
|---|---|---|---|---|---|---|---|---|---|---|---|---|---|---|---|
| Dewey Decimal Classification | Not For Loan | Non-fiction | Central Library, University of Rajshahi | Central Library, University of Rajshahi | Reading Room | 04/03/1996 | Islamic Foundation Bangladesh, Dhaka | 296.00 | B 297.1227 SHT V-1 1992 | 13/10/2015 | C-1 | Books | |||
| Dewey Decimal Classification | Non-fiction | Central Library, University of Rajshahi | Central Library, University of Rajshahi | 31/01/1996 | Islamic Foundation Bangladesh, Dhaka | 296.00 | B 297.1227 SHT V-1 1992 | 02/12/2019 | C-2 | Books | |||||
| Dewey Decimal Classification | Non-fiction | Central Library, University of Rajshahi | Central Library, University of Rajshahi | 11/03/1995 | Islamic Foundation Bangladesh, Dhaka | 296.00 | B 297.1227 SHT V-1 1992 | 02/12/2019 | C-3 | Books | |||||
| Dewey Decimal Classification | Non-fiction | Central Library, University of Rajshahi | Central Library, University of Rajshahi | 11/03/1995 | Islamic Foundation Bangladesh, Dhaka | 296.00 | B 297.1227 SHT V-1 1992 | 02/12/2019 | C-4 | Books |